Improving quality of rubber and market mechanism at the farmer level in Bungo, Jambi province, Indonesia (Record no. 60897)

MARC details
000 -LEADER
fixed length control field 00489nam a2200133Ia 4500
100 ## - MAIN ENTRY--AUTHOR NAME
Personal name Akiefnawati Ratna
245 #0 - TITLE STATEMENT
Title Improving quality of rubber and market mechanism at the farmer level in Bungo, Jambi province, Indonesia
260 ## - PUBLICATION, DISTRIBUTION, ETC. (IMPRINT)
Name of publisher Preprints of Papers. International Natural Rubber Conference 13-14 November 2006, Vietnam, pp.565-570.
650 ## - SUBJECT ADDED ENTRY--TOPICAL TERM
Topical Term Indonesia
650 ## - SUBJECT ADDED ENTRY--TOPICAL TERM
Topical Term Market mechanism
700 ## - ADDED ENTRY--PERSONAL NAME
Personal name Joshi Laxman
942 ## - ADDED ENTRY ELEMENTS (KOHA)
Koha item type Journals
Holdings
Withdrawn status Lost status Damaged status Not for loan Home library Current library Shelving location Date acquired Koha item type
      Journals RRII Library RRII Library Agricultural economics 13/02/2007 Journals